000 00967nam a2200229 a 4500
001 000005380
005 20200929151647.0
008 090819s1987 es 000 0 spa d
020 _a8400066812
040 _aDO-SdBNP
_bspa
_cBNPHU
082 _a224.2
_bA325b
130 0 _aBiblia. A. T.
_pA. T.
_lespañol
_sJeremías
_f1987
_915265
245 1 0 _aBiblia babilónica : Jeremías :
_bedición crítica según manuscritos hebreos de puntuación babilónica /
_cAmparo Alba Cecilia.
260 _aMadrid :
_bInstituto de filosofía, CSIC, Departamento de Filosofía Bíblica y de Oriente Antiguo,
_c1987.
300 _axxi, 164 p. ;
_c28 cm.
440 0 _aTextos y estudios, Cardenal Cisnero de la Biblia Políglota Matritense ;
_v41
_915266
500 _aIncluye referencia bibliográficas.
630 1 4 _aBIBLIA
_pA.T.
_pJEREMÍAS
_xCRÍTICA TEXTUAL
_915267
650 4 _aHebreo
_915268
650 4 _aBiblia- lenguaje y estilo
_915269
700 1 _aAlba Cecilia, Amparo
_915270
999 _c5180
_d5180